Sequencing of Institution Building in the Transition Process of Central and Eastern Europe's Financial Systems : (Record no. 609945)

MARC details
000 -LEADER
fixed length control field 00613nam a2200193 a 4500
001 - CONTROL NUMBER
control field 1769948270520
003 - CONTROL NUMBER IDENTIFIER
control field YourLibrary
005 - DATE AND TIME OF LATEST TRANSACTION
control field 20260201175203.0
008 - FIXED-LENGTH DATA ELEMENTS--GENERAL INFORMATION
fixed length control field 260201s2002##################000#0#eng##
020 ## - INTERNATIONAL STANDARD BOOK NUMBER
International Standard Book Number 9783631398869
082 04 - DEWEY DECIMAL CLASSIFICATION NUMBER
Classification number 332.10947
Item number BUC
040 ## - CATALOGING SOURCE
Original cataloging agency YourLibrary
Language of cataloging eng
Transcribing agency YourLibrary
100 1# - MAIN ENTRY--PERSONAL NAME
Personal name Buchenrieder, Gertrud,
Relator term author.
245 10 - TITLE STATEMENT
Title Sequencing of Institution Building in the Transition Process of Central and Eastern Europe's Financial Systems :
260 ## - PUBLICATION, DISTRIBUTION, ETC.
Name of publisher, distributor, etc. Peter Lang Pub Incorporated,
Date of publication, distribution, etc. 2002.
300 ## - PHYSICAL DESCRIPTION
Extent 513 pages
650 #0 - SUBJECT ADDED ENTRY--TOPICAL TERM
Topical term or geographic name entry element Business & Economics.
942 ## - ADDED ENTRY ELEMENTS (KOHA)
Koha item type English Books

No items available.

Find us on the map